| 000 | 00614nam a2200157Ia 4500 | ||
|---|---|---|---|
| 001 | 11352 | ||
| 003 | GE_BSU | ||
| 008 | 181216s||||||||xx |||||||||||||| ||und|| | ||
| 040 | _cGE_BSU | ||
| 100 | _aЮ.Н.Шедко; Ю.Б.Миндлин;И.С.Цыпин и др. | ||
| 245 | _aСистема государственного и муниципального управления. | ||
| 245 | _bУчебник для бакалавров. | ||
| 245 | _cПод.ред:Ю.Н.Шедько. | ||
| 653 | _aСистема государственного и муниципального управления. | ||
| 942 | _cBK | ||
| 999 |
_c44549 _d44549 |
||